1132 1283 1319 1196 1697 1379 1468 1180 1119 1475 1588 1581 1795 1800 1719 1338 1901 1954 1550 1990 1728 1313 1674 1801 1804 1582 1340 1841 1140 1506 1221 1710 1466 1340 1814 1262 1699 1738 1069 1165 1814 1265 1910 1290 1746 1910 1641 1088 1283 1122 1758 1638 1961 1829 1915 1904 1742 1883 1274 1701 1969 1988 1229 1716 1504 1609 1224 1718 1622 1215 1542 1264 1287 1934 1319 1581 1245 1898 1644 1988 1453 1409 1843 1862 1675 1000 1195 1499 1412 1043 1068 1019 1193 1788 1530 1986 1371 1659 1522 BCNSPRNW ULIB Ver.6.0+V

เปลี่ยนเป็นภาษาไทย

Change to English
 แสดงรายละเอียดบรรณานุกรม
  กลับหน้าหลัก

Brief Record : Get Marc (ISO 2709) : E-mail record : QR code < ปิดหน้าต่าง
LEADER : 00000nam 2200000uu 4500
001    13399125489
003     ULIB
008    170614s2559||||th 000 0 tha d
020    ^a9786163142177
060 04 ^aWB105^bว617ก
100 0  ^aวินชนะ ศรีวิไลทนต์, บรรณาธิการ
245 00 ^aการดูแลรักษาภาวะช็อกในห้องฉุกเฉิน =^bComprehensive Shock Resuscitation in Emergency Department /^cวินชนะ ศรีวิไลทนต์, บรรณาธิการ
250    ^aพิมพ์ครั้งที่ 1 (ราคา 300 บาท)
260    ^aปทุมธานี :^bโรงพิมพ์มหาวิทยาลัยธรรมศาสตร์ศูนย์รังสิต,^c2559
300    ^a159 หน้า :^bภาพประกอบ ; ตาราง ;^c29 ซม.
505 0  ^aบทที่ 1 ภาวะช็อกในห้องฉุกเฉิน
505 0  ^aบทที่ 2 ภาวะช็อกในผู้ป่วยที่ได้รับอุบัติเหตุ
505 0  ^aบทที่ 3 ภาวะช็อกจากการเสียเลือดหรือขาดสารน้ำ
505 0  ^aบทที่ 4 ภาวะช็อกจากการอุดกั้น
505 0  ^aบทที่ 5 ภาวะช็อกจากการกระจายของเลือด
505 0  ^aบทที่ 6 ภาวะช็อกจากหัวใจ
505 0  ^aบทที่ 7 การทำอัลตราซาวน์เพื่อช่วยในการประเมินภาวะช็อก
650  7 ^aเวชศาสตร์ฉุกเฉิน
650  7 ^aภาวะช็อก
945    ^p300^l0^i25177
945    ^p300^l0^i25232
999    ^aกัณชพร
รายการนี้ยังไม่มีแท็ก
คุณยังไม่ได้ล็อกอิน คุณสามารถมีกิจกรรมร่วมกับเว็บไซต์ได้ แต่ต้องล็อกอินก่อน ::
  ล็อกอิน

รายการสื่อสารสนเทศ

ลำดับที่ ประเภท เลขเรียก/บาร์โค้ด สถานที่ สถานะ
1. หนังสือสำรอง
หนังสือสำรอง
สถานะ=หนังสือเก่า
WB105 ว617ก ฉ.1 
  Barcode: 25177
ห้องสมุดวิทยาเขตนครสวรรค์
►ส่วนจัดเก็บหนังสือเก่า นว.
บนชั้น
  ขอยืม
2. วิทยาศาสตร์การแพทย์ และสุขภาพ
วิทยาศาสตร์การแพทย์ และสุขภาพ
สถานะ=หนังสือเก่า
WB105 ว617ก ฉ.2 
  Barcode: 25232
ห้องสมุดวิทยาเขตนครสวรรค์
►ส่วนจัดเก็บหนังสือเก่า นว.
บนชั้น
  ขอยืม

รายการใกล้เคียง
    ผู้แต่ง [วินชนะ ศรีวิไลทนต์, บรรณาธิการ]

    หัวเรื่อง [เวชศาสตร์ฉุกเฉิน]
    หัวเรื่อง [ภาวะช็อก]

BibComment


ยังไม่เคยถูกคอมเมนท์

คอมเมนท์ทรัพยากรรายการนี้
  คอมเมนท์: การดูแลรักษาภาวะ..


 Copyright 2026. Bcnsprnw @Library